000 01712nam0a22002771 4500
001 rc\3550554
005 20260407140058.0
021 _aRU
_bП1540-74
035 _a(NLR Aleph) 007637872
090 _a6093973
_c6093972
100 _a20130115d1974 |||y0rusy50 ca
101 0 _arus
102 _aRU
105 _ay z |||||
200 1 _a[Тезисы докладов, представленных на 1 Всесоюзном совещании по физике и технике высоких давлений. Донецк, 5-7 сентября 1973 г.]
_fАН СССР. Центр. б-ка по естеств. наукам. Ин-т физики высоких энергий. Б-ка
210 _aМосква
_cБ. и.
_d1974
215 _a30 с.
_d21
311 _aПрил. к Указ. литературы: "Высокие давления, алмаз, графит, нитрид бора". № 12 (221). 1974
422 0 _12001#$aВысокие давления, алмаз, графит, нитрид бора$eУказ. литературы$v1974. № 12 (221)
_tВысокие давления, алмаз, графит, нитрид бора
532 1 1 _aТезисы докладов, представленных на первом Всесоюзном совещании по физике и технике высоких давлений. Донецк, 5-7 сентября 1973 г.
710 1 2 _aВсесоюзное совещание по физике и технике высоких давлений
_d1
_eДонецк
_f1973
_9667797
_3RU\NLR\AUTH\8810082817
801 0 _aRU
_bNLR
_gpsbo
801 1 _aRU
_bELAR
_2rusmarc
852 _aNLR
_jСШ-500/И-71
942 _cBOOK
980 _aNB